Caracterização citogenética para identificação dos níveis de ploidia em cinco espécies do gênero Mentha L. (Registro n. 299273)
[ somente texto ]
| 000 -LÍDER | |
|---|---|
| fixed length control field | 04240nab a2200337 i 4500 |
| 003 - CÓDIGO MARC DA AGÊNCIA CATALOGADORA | |
| Campo de controle | BR-BrBNA |
| 005 - DATA E HORA DA ÚLTIMA ATUALIZAÇÃO | |
| Campo de controle | 20240422135531.0 |
| 008 - CAMPO DE TAMANHO FIXO | |
| fixed length control field | 240422b2013 bl.qr|pooa||| 00| 0 por | |
| 040 ## - FONTE DA CATALOGAÇÃO | |
| Agência catalogadora | BR-BrBNA |
| Idioma da catalogação | por |
| 072 ## - CATEGORIA AGRIS | |
| Código AGRIS | F30 |
| Código do objeto | 2290 |
| 100 ## - ENTRADA PRINCIPAL - NOME PESSOAL | |
| Nome pessoal | Battistin, A. |
| 100 ## - ENTRADA PRINCIPAL - NOME PESSOAL | |
| Nome pessoal | Almeida, A.L.S.M. |
| 100 ## - ENTRADA PRINCIPAL - NOME PESSOAL | |
| Nome pessoal | Nogueira, I.D. |
| 100 ## - ENTRADA PRINCIPAL - NOME PESSOAL | |
| Nome pessoal | Pasquetti, M.V. |
| 100 ## - ENTRADA PRINCIPAL - NOME PESSOAL | |
| Nome pessoal | Gonçalves, R.S. |
| 100 ## - ENTRADA PRINCIPAL - NOME PESSOAL | |
| Nome pessoal | Fermino, M.H. |
| 100 ## - ENTRADA PRINCIPAL - NOME PESSOAL | |
| Nome pessoal | Silveira, R.P. |
| 245 ## - TÍTULO PRINCIPAL | |
| Título principal | Caracterização citogenética para identificação dos níveis de ploidia em cinco espécies do gênero Mentha L. |
| 500 ## - NOTA GERAL | |
| Nota geral | Publicação on-line; 17 ref.; 4 tables; 2 illus.; Summaries (En, Pt) |
| 942 ## - ADDED ENTRY ELEMENTS (KOHA) | |
| Koha item type | |
| 520 ## - NOTA DE RESUMO | |
| Nota de conteúdo | <br/><br/>RESUMO: <br/><br/>Neste trabalho foi feita a caracterização citogenética da: microsporogênese,<br/>tétrades, estimativa da viabilidade do pólen pelo método de coloração e contagem do número<br/>máximo de nucléolos por célula interfásica, para identificação dos níveis de ploidia, em cinco<br/>espécies do gênero Mentha L. Foram coletadas inflorescências em 30 plantas de cada espécie,<br/>em duas florações sucessivas, nos anos 2006 e 2007. As inflorescências foram tratadas em<br/>etanol-ácido acético (3:1), em temperatura ambiente durante seis horas, transferidas para<br/>álcool 70% (v/v) e conservadas em geladeira até análise. Nas análises da microsporogênese,<br/>tétrades e pólen o corante usado foi carmin propiônico 2% e na identificação dos nucléolos<br/>nitrato de prata (AgNO3). Os resultados demonstraram que as cinco espécies são poliplóides.<br/>M. crispa heptaplóide (2n=7x=84) com 11 nucléolos, M. spicata tetraplóide (2n=4x=48) com<br/>8 nucléolos, M.x gentilis pentaplóide (2n=5x=60) com 12 nucleólos, M. piperita e M.x piperita<br/>ambas hexaplóides (2n=6x=72) com 8 e 9 nucléolos respectivamente. M. spicata e M. crispa<br/>mantiveram as mais altas porcentagens de células normais na microsporogênese, na formação<br/>de tétrades e na estimativa da viabilidade do pólen por coloração, sugerindo maior estabilidade<br/>meiótica quando comparados aos demais poliplóides estudados.<br/><br/>Palavras-chave: microsporogênese, cromossomos, poliploidia, Mentha. |
| 520 ## - NOTA DE RESUMO | |
| Nota de conteúdo | <br/><br/>ABSTRACT: <br/><br/>Citogenetic characterization to determination of ploidy level on five Mentha<br/>L. species . The cytogenetic characterization of five species of Mentha L. genus, including<br/>the data: regularity of microsporogenesis and tetrads, and polen viability, using the coloration<br/>method and the counting of the maximum number of nucleolus by interphasic cell were carried<br/>out in this study to identify the ploid levels. These analyses were performed from inflorescences<br/>collected in 30 plants of each species, during two successive florations in 2006 and 2007.<br/>Inflorescences were treated in 3:1 ethanol:acetic acid mixture at room temperature during six<br/>hours, then transferred to 70%(v/v) ethanol solution and refrigerated until the analysis. For<br/>microsporogenis, tetrad and pollen analysis, we used carmine propionic 2% (m/v) and for<br/>nucleolus identification, we used AgNO3 solution. It was possible to observe that all five species<br/>were polyploids. M. crispa heptaploid (2n=7x=84) with 11 nucleolus, M. spicata tetraploid<br/>(2n=4x=48) with 8 nucleolus, M. x gentilis pentaploid (2n=5x=60) with 12 nucleolus, M. piperita<br/>and M. x piperita both hexaploid (2n=6x=72) with 8 and 9 nucleolus respectively. M. spicata<br/>and M. crispa kept the highest percentual values of normal cells in microsporogenesis as well<br/>as in tetrads formation and pollen viability, suggesting a higher meiotic stability when compared<br/>to the other polyploids studied.<br/><br/>Keywords: microsporogenesis, chromosome, polyploid, Mentha. |
| 650 ## - ASSUNTO - THESAGRO | |
| Cabeçalho tópico ou nome geográfico | CROMOSSOMA |
| 650 ## - ASSUNTO - THESAGRO | |
| Cabeçalho tópico ou nome geográfico | CITOGENÉTICA VEGETAL |
| 650 ## - ASSUNTO - THESAGRO | |
| Cabeçalho tópico ou nome geográfico | POLIPLOIDIA |
| 650 ## - ASSUNTO - THESAGRO | |
| Cabeçalho tópico ou nome geográfico | MENTHA |
| 650 ## - ASSUNTO - THESAGRO | |
| Cabeçalho tópico ou nome geográfico | GENÉTICA |
| 773 0# - ENTRADA ANALÍTICA | |
| Host Biblionumber | 3543 |
| Registro do item | 314704 |
| Imprenta | Botucatu-SP Instituto de Biociências - Departamento de Química e Bioquímica 1998 |
| Outro identificador | 2024-0956 |
| Título | Revista Brasileira de Plantas Medicinais (Brazil) |
| ISSN | 1516-0572 |
| Colação | v. 15(4 suppl. 1) p. 684-691; (2013) |
| Número de controle de registro | BR2024000504 |
| 856 ## - ACESSO E ENDEREÇO ELETRÔNICO | |
| Identificador uniforme de recurso - URI | https://www.scielo.br/j/rbpm/a/jZv4zrHCcG5QkLwf4W9W6dJ/?format=pdf&lang=pt |
Nenhum exemplar disponível.

BINAGRI